000
00299nam a22001337a 4500
008
170921b xxu||||| |||| 00| 0 eng d
020
_a
9780072492958
041
_a
eng
080
_2
4 ED
_a
78
100
_a
45
101
_a
MUZ
245
_a
AN APPRECIATION MUSIC
_c
KAMIEN.R
942
_2
udc
_c
BK
999
_c
28880
_d
28880